| 000 -CABECERA |
| campo de control de longitud fija |
01822nam a2200289 a 4500 |
| 001 - NÚMERO DE CONTROL |
| campo de control |
1448120 |
| 003 - IDENTIFICADOR DEL NÚMERO DE CONTROL |
| campo de control |
OSt |
| 005 - FECHA Y HORA DE LA ÚLTIMA TRANSACCIÓN |
| campo de control |
20230313195433.0 |
| 008 - DATOS DE LONGITUD FIJA--INFORMACIÓN GENERAL |
| campo de control de longitud fija |
140923s2013 ck gr 0001f spa d |
| 020 ## - NÚMERO INTERNACIONAL ESTÁNDAR DEL LIBRO |
| Número Internacional Estándar del Libro |
9789588617305 |
| 040 ## - FUENTE DE LA CATALOGACIÓN |
| Centro/agencia transcriptor |
CO-MqBPB |
| 041 1# - CÓDIGO DE LENGUA |
| Código de lengua del texto/banda sonora o título independiente |
spa |
| Código de lengua original |
eng |
| 043 ## - CÓDIGO DE ÁREA GEOGRÁFICA |
| Código de área geográfica |
n-us--- |
| 082 04 - NÚMERO DE LA CLASIFICACIÓN DECIMAL DEWEY |
| Número de clasificación |
AN |
| Número de documento/Ítem |
GRIe |
| 100 1# - ENTRADA PRINCIPAL--NOMBRE DE PERSONA |
| Nombre de persona |
Grisham, John, |
| Fechas asociadas al nombre |
1955- |
| 245 13 - MENCIÓN DE TÍTULO |
| Título |
El estafador / |
| Mención de responsabilidad, etc. |
John Grisham ; traducción de Jofre Homedes Beutnagel. |
| 260 ## - PUBLICACIÓN, DISTRIBUCIÓN, ETC. |
| Lugar de publicación, distribución, etc. |
Bogotá : |
| Nombre del editor, distribuidor, etc. |
Plaza y Janés, |
| Fecha de publicación, distribución, etc. |
2013. |
| 300 ## - DESCRIPCIÓN FÍSICA |
| Extensión |
394 páginas ; |
| Dimensiones |
23 cm. |
| Otras características físicas |
Tapa Rústica |
| 500 ## - NOTA GENERAL |
| Nota general |
Un abogado condenado a 10 años de cárcel dice saber quién y por qué el juez Fawcett fue asesinado y exige la libertad a cambio de su información. Malcolm Bannister era el socio minoritario de un modesto bufete de una ciudad pequeña, hasta que escogió al cliente equivocado. Barry, chantajista y propietario de un conglomerado empresarial, había contratado a Bannister para gestionar la compra del terreno donde se ubicaría el local nocturno preferido por determinados políticos y hombres de negocios de Washington. Todo se vino abajo cuando una joven ucraniana murió en el citado establecimiento tras una noche de excesos. El juez Fawcett apareció asesinado de un tiro en la cabeza, junto al cadáver desnudo de su secretaria de 36 años. La policía baraja motivos como el robo o la venganza relacionada con aquel famoso juicio tras el cual recibió amenazas de muerte. Ahora Malcolm Bannister dice saber quién y por qué asesinaron al juez federal y exige la libertad a cambio. |
| 534 ## - NOTA SOBRE LA VERSIÓN ORIGINAL |
| Frase introductoria |
T�tulo original : |
| Mención de título del original |
The racketeer. |
| 650 #4 - PUNTO DE ACCESO ADICIONAL DE MATERIA--TÉRMINO DE MATERIA |
| Término de materia o nombre geográfico como elemento de entrada |
Novela estadounidense. |
| 650 #4 - PUNTO DE ACCESO ADICIONAL DE MATERIA--TÉRMINO DE MATERIA |
| Término de materia o nombre geográfico como elemento de entrada |
Presos |
| Subdivisión de forma |
Novela. |
| 650 #4 - PUNTO DE ACCESO ADICIONAL DE MATERIA--TÉRMINO DE MATERIA |
| Término de materia o nombre geográfico como elemento de entrada |
Jueces |
| Subdivisión de forma |
Novela. |
| 700 1# - PUNTO DE ACCESO ADICIONAL--NOMBRE DE PERSONA |
| Nombre de persona |
Homedes Beutnagel, Jofre, |
| Término indicativo de función/relación |
traductor. |
| 942 ## - ELEMENTOS DE PUNTO DE ACCESO ADICIONAL (KOHA) |
| Fuente del sistema de clasificación o colocación |
|
| Tipo de ítem Koha |
Libro Literatura |
| 949 ## - PROCESAMIENTO DE INFORMACIÓN LOCAL (OCLC) |
| a |
n |
| b |
n |